| 000 | 00897nam a22002897a 4500 | ||
|---|---|---|---|
| 005 | 20230512223115.0 | ||
| 008 | 190523t xxu||||| |||| 00| 0 eng d | ||
| 020 | _a9781635495850 | ||
| 040 | _cCSPC | ||
| 082 | 0 |
_a539.72 _bP258 |
|
| 245 | 0 | 0 |
_aParticle physics _ba comprehensive introduction/ |
| 260 |
_aNew York: _bLarsen & Keller Education, _c2017. |
||
| 300 |
_aviii, 276 pages: _bcolored images, figures, tables; _c25 cm. |
||
| 336 |
_2rdacontent _atext |
||
| 337 |
_2rdamedia _aunmediated |
||
| 338 |
_2rdacarrier _avolume |
||
| 500 | _aIncludes index. | ||
| 504 | _aIncludes bibliographical references. | ||
| 650 | 1 | 0 | _aParticles (Nuclear physics). |
| 650 | 1 | 0 | _aParticles. |
| 650 | 1 | 0 | _aNuclear physics. |
| 700 | 1 |
_aAidan Butler _eeditor |
|
| 940 | _aLenie | ||
| 942 |
_cBOOK _jCIR 539.72 P258 2017 |
||
| 999 |
_c8794 _d8794 |
||